| 000 | 005340000a22001810004500 | ||
|---|---|---|---|
| 003 | MACL | ||
| 005 | 20160610133314.0 | ||
| 008 | 160610b xxu||||| |||| 00| 0 eng d | ||
| 040 |
_aMACL _cMACL |
||
| 041 | _aHindi | ||
| 082 | _a920 | ||
| 100 |
_aकमलेश्वर _963850 |
||
| 245 |
_aजलती हुई नदी _cकमलेश्वर |
||
| 260 |
_bराजपाल एण्ड संस _c2001 _aदिल्ली |
||
| 350 | _a150 | ||
| 650 |
_aAutobiography _963851 |
||
| 942 |
_cHIN _k920 _2ddc |
||
| 999 |
_c29916 _d29916 |
||